01360nim a2200301 i 4500001000700000003000900007005001700016007001500033008004100048040001800089245014600107260004000253300004300293490004400336518007900380520020100459540002400660600002600684610006900710653002600779700003900805700002500844700003600869710005300905710003600958830004400994852002001038197385ES-MaACL20250828062638.0ss lsnjlcipnne200525s1991 sp nnnn |||| 00| spa d bspacES-MaACL00aA través de Marguerite Yourcenarh[Grabación sonora] :bhomenaje /cintervienen Michèle Berger y Emma Calatayud ; presenta Acacia Uceta aMadrid : bAteneo de Madrid, c1991 a1 casete (ca. 90 min) :bson. ;c11 cm1 3Actos culturales en el Ateneo de Madrid aGrabado el 24 de mayo de 1991 en el Salón de Actos del Ateneo de Madrid. aLa conferencia rindió homenaje a Marguerite Yourcenar, destacada escritora francesa, primera mujer en ingresar en la Academia Francesa, conocida por obras como Memorias de Adriano y Opus Nigrum. aDocumento inédito04aYourcenar, Marguerite20aAteneo de Madrid-xActos culturales-y1991-vGrabaciones sonoras aArchivo de la palabra1 aBerger, Michele Tracy,d1968-eora0 aCalatayud, Emmaeora1 aUceta, Acacia,d1925-2002epres2 aAteneo de Madrid. ehisbSección de Literatura2 aFundación Manuel Azañaesht 0aActos culturales en el Ateneo de Madrid aES-MaACLcDEPOZ